|
|
|
|
| LEADER |
00000nam0a2200000 4500 |
| 001 |
57225 |
| 005 |
20231031054128.0 |
| 010 |
|
|
|a 5710749419
|
| 035 |
|
|
|a (RuTPU)RU\TPU\book\60360
|
| 090 |
|
|
|a 57225
|
| 100 |
|
|
|a 20031024d2001 m y0rusy50 ca
|
| 101 |
0 |
|
|a rus
|
| 102 |
|
|
|a RU
|
| 105 |
|
|
|a y j 001zd
|
| 200 |
1 |
|
|a Литература
|e учебное пособие для школьников старших классов и поступающих в вузы
|f П. Э. Лион, Н. М. Лохова
|
| 205 |
|
|
|a 3-е изд., стер.
|
| 210 |
|
|
|a Москва
|c Дрофа
|d 2001
|
| 215 |
|
|
|a 512 с.
|
| 225 |
1 |
|
|a В помощь абитуриенту
|
| 320 |
|
|
|a Библиогр.: с. 502-504.
|
| 333 |
|
|
|a Исключено из фонда НТБ ТПУ
|
| 675 |
|
|
|a 8Р(07)
|v 3
|
| 700 |
|
1 |
|a Лион
|b П. Э.
|g Павел Эдуардович
|
| 701 |
|
1 |
|a Лохова
|b Н. М.
|g Наталия Муратовна
|
| 801 |
|
1 |
|a RU
|b 63413507
|c 20031024
|g PSBO
|
| 801 |
|
2 |
|a RU
|b 63413507
|c 20220530
|g PSBO
|
| 942 |
|
|
|c BK
|